000 01018nam a22002055i 4500
001 156540
003 ES-MaACL
005 20230906210433.0
008 040802s1860 xxua |||| | eng d
040 _aCAM
_bspa
_cCAM
100 1 _aKane, Elisha Kent.
_967486
245 1 0 _aArctic explorations
_b: the second Grinnell expedition in search of Sir John Franklin, 1853, '54, '55 /
_cby Elisha Kent Kane; illustrated by upwards of three hundred engravings from Sketches by the author ...
260 _aPhiladelphia :
_bChilds & Peterson,
_c1860 (
_fStereotyped by L. Johnson & co.)
300 _a2 v. :
_bil. ;
_c23 cm.
597 _aT.I (464 p., [8] h. de lám., [1] h. pleg. de mapa) - T.II (467 p., [5] h. de lám., [1] h. pleg. de mapa)
597 _aFront. calc. con fecha de pie de imp., 1856.
599 _aLas h. de lám. grab. retratos de E.K.Kane y H. Grinnel, y paisajes del Artico.
651 4 _aArtico-
_xDescubrimientos y exploraciones.
_9137057
852 _aES-MaACL
_jC-3197-98
_z-- Enc. tela grab.
999 _c156540
_d156540